| 000 | 00362nam a22001577a 4500 | ||
|---|---|---|---|
| 003 | SGT | ||
| 020 | _a978-0-323-83461-2 | ||
| 082 |
_a611 _bWAU |
||
| 100 | _aWAUGH, ANNE | ||
| 245 | _aROSS and WILSON ANATOMY and PHYSIOLOGY | ||
| 250 | _a14TH | ||
| 260 |
_aINDIA _bELSEVIER PUB. _c2023 |
||
| 300 | _a586 | ||
| 650 | _aANATOMY and PHYSIOLOGY | ||
| 942 |
_2ddc _cBK |
||
| 999 |
_c32942 _d32942 |
||